000 00691nam a2200277Ia 4500
005 20260324121103.0
008 008 260324s9999 xx 000 0 eng d
020 _a9781315815831
037 _aEBOOK
040 _aCRL
040 _beng
040 _cCRL
041 _2eng
041 _aeng
084 _qCRL
100 _aBas A.S. Koene; Christina Garsten; Nathalie Galais
_91161142
245 0 _aManagement and Organization of Temporary Agency Work
260 _bTaylor and Francis
260 _c2014
365 _a
365 _b150
856 _uhttp://www.taylorfrancis.com/books/9781315815831
942 _cEBOOK
999 _c1753015
_d1753015